000 005210000a22001330004500
090 _aAS
_bSeriadas
245 1 0 _aAtlas palinológico de la Amazonia colombiana III. Familia Melastomataceae y Mouriri (<Memecylaceae>)
041 0 _aEspañol
700 1 _aRangel Ch., J. Orlando
_992819
700 1 _aBogotá A., R. Giovanni
_999137
100 1 _aJiménez Bulla, Luis Carlos
_97273
942 _cARTICULO
773 1 _tRevista de la Academia Colombiana de Ciencias Exactas, Fisicas y Naturales
_332
_hSupl. Esp.
_q695-712
_d1999
_g23
999 _c14160
_d14160